000
00291nam a22001337a 4500
020
_a
0-07-046097
041
_a
ENG
100
_a
Campbell.M.D
245
_a
Water Well Technology
260
_a
New York
_b
McGraw Hill Book
_c
1977
300
_a
681
650
_a
IDE ( 05 )
856
_u
IDE ( 05 )
999
_c
2776
_d
2776